| 000 | 00845nam a22002417a 4500 | ||
|---|---|---|---|
| 999 |
_c15442 _d15442 |
||
| 003 | AR-CdUCM | ||
| 008 | 190427b ||||| |||| 00| 0 spa d | ||
| 040 |
_aMUNICIPALIDAD PROVINCIAL DEL CUSCO _cBIBLIOTECA MUNICIPAL DEL CUSCO |
||
| 082 |
_a980 / _bM19 |
||
| 100 |
_aFernández Pinillos, José _934512 |
||
| 245 |
_aConcejo Provincial de Lima : _bComisión Municipal del Sesquicentenario de la Independencia Nacional / |
||
| 260 |
_aLima : _c1971. |
||
| 300 |
_a82 páginas ; _bFotografías, _c25 cm. |
||
| 505 | _aContenido: Acta de la independencia del Perú. | ||
| 650 |
_aSan Martín _9306 |
||
| 650 |
_aIndependencia _9625 |
||
| 650 |
_aPerú _935 |
||
| 700 |
_aFlóres de Franco, Haydée _934513 |
||
| 700 |
_aDelta, Carlos _934514 |
||
| 700 |
_aPonce Sobrevilla, Leonidas _934515 |
||
| 942 |
_2ddc _cLIBROS |
||
| 945 |
_adavv _d27/04/2019 |
||